Central Library OPAC University of Rajshahi

Introduction to relativity / (Record no. 53070)

MARC details
000 -LEADER
fixed length control field 00952nam a2200277 a 4500
001 - CONTROL NUMBER
control field 53070
003 - CONTROL NUMBER IDENTIFIER
rucl marc code BD-RjUL
005 - DATE AND TIME OF LATEST TRANSACTION
control field 20211209075914.0
008 - FIXED-LENGTH DATA ELEMENTS--GENERAL INFORMATION
fixed length control field 161003s2001 enka b 001 0 eng
020 ## - INTERNATIONAL STANDARD BOOK NUMBER
International Standard Book Number 0124175619 (acidfree paper)
035 ## - SYSTEM CONTROL NUMBER
System control number (BD-RjUL)53190
040 ## - CATALOGING SOURCE
Original cataloging agency DLC
Transcribing agency DLC
Modifying agency DLC
-- BD-RjUL
Language of cataloging eng
041 ## - LANGUAGE CODE
Language code of text/sound track or separate title eng
082 00 - DEWEY DECIMAL CLASSIFICATION NUMBER
Classification number 530.11
Edition number 23
Author mark and year KOI 2005
100 1# - MAIN ENTRY--PERSONAL NAME
Personal name Kogut, John B.
9 (RLIN) 158608
245 10 - TITLE STATEMENT
Title Introduction to relativity /
Statement of responsibility, etc. John B. Kogut.
260 ## - PUBLICATION, DISTRIBUTION, ETC. (IMPRINT)
Place of publication, distribution, etc. San Diego, Calif. :
Name of publisher, distributor, etc. Harcourt/Academic Press,
Date of publication, distribution, etc. c2001 [reprint 2005]
300 ## - PHYSICAL DESCRIPTION
Pagination xv, 178 p. :
Illustrations ill. ;
Size 23 cm.
500 ## - GENERAL NOTE
General note Include index
650 #0 - SUBJECT ADDED ENTRY--TOPICAL TERM
Topical term or geographic name as entry element Relativity (Physics)
9 (RLIN) 158610
856 42 - ELECTRONIC LOCATION AND ACCESS
Materials specified Publisher description
Uniform Resource Identifier <a href="http://www.loc.gov/catdir/description/els031/00111388.html">http://www.loc.gov/catdir/description/els031/00111388.html</a>
Materials specified Table of contents
Uniform Resource Identifier <a href="http://www.loc.gov/catdir/toc/els031/00111388.html">http://www.loc.gov/catdir/toc/els031/00111388.html</a>
942 ## - ADDED ENTRY ELEMENTS (KOHA)
Source of classification or shelving scheme Dewey Decimal Classification
Koha item type Books
Holdings
Lost status Source of classification or shelving scheme Damaged status Not for loan Collection code Permanent Location Current Location Shelving location Date acquired Source of acquisition Cost, normal purchase price Total Checkouts Full call number Date last seen Copy number Koha item type
  Dewey Decimal Classification     Non-fiction Central Library, University of Rajshahi Central Library, University of Rajshahi   15/05/2008 Dhaka paragon enterprises ltd. 195.00   530.11 KOI 2005 03/10/2016 C-2 Books
  Dewey Decimal Classification   Not For Loan Non-fiction Central Library, University of Rajshahi Central Library, University of Rajshahi Reading Room 26/02/2008 Paragon enterprise, Dhaka. 195.00   530.11 KOI 2005 13/04/2017 C-1 Books